Harry Potter First 200 Words Quiz Stats

 Plays Quiz Updated Sep 24, 2014

Challenge
Share
Tweet
Embed
Score 0/200 Timer 15:00
2 Plays Today
% Correct
a
95.5%
a
95.5%
a
95.5%
a
95.5%
a
95.5%
a
95.5%
the
94.4%
the
94.4%
the
94.4%
the
94.4%
The
94.4%
The
94.4%
the
94.4%
and
86.9%
and
86.9%
and
86.9%
and
86.9%
and
86.9%
and
86.9%
Dursley,
83.8%
Dursley
83.8%
Dursley
83.8%
Dursley
83.8%
Drive,
82.5%
no
81.9%
Privet
81.2%
of
79.8%
of
79.8%
of
79.8%
of
79.8%
were
78%
were
78%
were
78%
were
78%
He
77%
he
77%
was
76.9%
was
76.9%
was
76.9%
was
76.9%
was
76.9%
was
76.9%
four,
76.8%
they
76.4%
They
76.4%
they
76.4%
they
76.4%
they
76.4%
They
76.4%
they
76.4%
they
76.4%
to
76.1%
to
76.1%
Mr.
76%
Mr.
76%
you
75.7%
Mrs.
75.2%
Mrs.
75.2%
Mrs.
75.2%
Mrs.
75.2%
Mrs.
75.2%
in
73.7%
in
73.7%
in
73.7%
in
73.7%
number
73.4%
on
72.4%
% Correct
Dudley
72%
so
71.5%
normal,
71%
be
70.5%
that
70.1%
that
69.9%
very
69.6%
very
69.6%
very
69.6%
Potter
69%
she
65.8%
she
65.8%
much.
65.7%
much
65.7%
it.
65.4%
it
65.4%
had
65.2%
had
65.2%
had
65.2%
had
65.2%
thank
64.4%
son
64.3%
man
63.7%
boy
61.7%
her
61.1%
her
61.1%
her
61.1%
say
60.5%
sister,
58.9%
sister,
58.9%
sister
58.9%
perfectly
58.2%
Dursleys
58.1%
Dursleys
58.1%
Dursley's
58.1%
for
57.7%
for
57.7%
did
57.5%
have
57.2%
have
57.2%
thin
56.9%
or
56.7%
there
56.1%
called
55.4%
called
55.4%
but
54.9%
but
54.9%
their
54.9%
their
54.9%
with
54.2%
with
54.2%
as
53.4%
as...
53.4%
people
52.4%
proud
52.2%
would
52.2%
didn't
51.9%
didn't
51.9%
didn't
51.9%
any
51.8%
large
51.7%
neck,
50%
neck,
50%
if
49.4%
neighbours.
48.3%
could
48.1%
big,
47.6%
% Correct
which
47.5%
which
47.5%
out
47.5%
time
47%
husband
46.8%
moustache.
46.6%
drills.
46.5%
made
44.7%
small
43.8%
secret,
42.8%
Grunnings,
42.2%
over
42.2%
because
41.6%
because
41.6%
strange
41.6%
good
40.7%
about
40.7%
nothing
40.7%
firm
40.3%
think
40.1%
spying
39.8%
spent
39.6%
last
39.2%
hardly
38.7%
came
38.6%
anything
38%
Potters.
37.9%
also
37.5%
fact,
37.4%
fear
36.5%
pretended
36.4%
hadn't
36%
involved
36%
just
36%
years;
35.8%
wanted,
35.5%
found
35.3%
useful
35%
opinion
34.9%
expect
34.7%
everything
34.5%
anyone
34.4%
director
34.3%
although
33.3%
you'd
33.2%
amount
32.9%
garden
32.9%
beefy
32.2%
discover
32.2%
greatest
32.1%
such
31.9%
twice
31.9%
fences,
31.6%
usual
31.5%
finer
31.2%
blonde
31.2%
nonsense.
30.8%
bear
30.3%
craning
29.8%
anywhere.
28.9%
somebody
28.5%
several
27%
hold
27%
mysterious,
26.2%
met
26%
nearly
25.5%

You're not logged in!

Compare scores with friends on all Sporcle quizzes.
OR
Log In

You Might Also Like...

Show Comments

Extras

Top Quizzes Today


Score Distribution

Your Account Isn't Verified!

In order to create a playlist on Sporcle, you need to verify the email address you used during registration. Go to your Sporcle Settings to finish the process.

Report this User

Report this user for behavior that violates our Community Guidelines.

Details: